[Event "Kashem Chowdhury Rating-A 2019"]
[Site "Dhaka"]
[Date "2019.05.06"]
[Round "2.11"]
[White "Anowar, Hossain Dulal"]
[Black "Jabed Al Azad"]
[Result "1-0"]
[WhiteElo "1814"]
[BlackElo "1999"]
[Annotator "NA RC"]
[PlyCount "71"]
[EventDate "2019.05.04"]
[EventType "swiss"]
[EventCountry "BAN"]
[SourceTitle "playchess.com"]
[Source "ChessBase"]
[SourceQuality "1"]
[TimeControl "5400+30"]

1. b3 {[%emt 1:30:30]} d5 {[%emt 1:30:30]} 2. Bb2 {[%emt 0:00:30]} c5 {[%emt 0:00:30]} 3. e3 {[%emt 0:00:30]} Nc6 {[%emt 0:00:30]} 4. Nf3 {[%emt 0:00:30]} Nf6 {[%emt 0:00:30]} 5. Bb5 {[%emt 0:00:30]} Bg4 {[%emt 0:00:30]} 6. h3 {[%emt 0:00:30]} Bh5 {[%emt 0:00:30]} 7. g4 {[%emt 0:00:30]} Bg6 {[%emt 0:00:30]} 8. Bxc6+ {[%emt 0:00:30]} bxc6 {[%emt 0:00:30]} 9. Ne5 {[%emt 0:00:30]} Qc7 {[%emt 0:00:30]} 10. d3 {[%emt 0:00:30]} e6 {[%emt 0:00:30]} 11. Nxg6 {[%emt 0:00:30]} hxg6 {[%emt 0:00:30]} 12. Qf3 {[%emt 0:00:30]} e5 {[%emt 0:00:30]} 13. Nd2 {[%emt 0:00:30]} a5 {[%emt 0:00:30]} 14. a4 {[%emt 0:00:30]} Rb8 {[%emt 0:00:30]} 15. e4 {[%emt 0:00:30]} d4 {[%emt 0:00:30]} 16. Nc4 {[%emt 0:00:30]} Nd7 {[%emt 0:00:30]} 17. Qg3 {[%emt 0:00:30]} Bd6 {[%emt 0:00:30]} 18. Bc1 {[%emt 0:00:30]} Ra8 {[%emt 0:00:30]} 19. Bd2 {[%emt 0:00:30]} Nf8 {[%emt 0:00:30]} 20. f4 {[%emt 0:00:30]} exf4 {[%emt 0:00:30]} 21. Nxd6+ {[%emt 0:00:30]} Qxd6 {[%emt 0:00:30]} 22. Bxf4 {[%emt 0:00:30]} Qd7 {[%emt 0:00:30]} 23. h4 {[%emt 0:00:30]} Ne6 {[%emt 0:00:30]} 24. h5 {[%emt 0:00:30]} Ke7 {[%emt 0:00:30]} 25. O-O-O {[%emt 0:00:30]} gxh5 {[%emt 0:00:30]} 26. gxh5 {[%emt 0:00:30]} Nxf4 {[%emt 0:00:30]} 27. Qxf4 {[%emt 0:00:30]} Qd6 {[%emt 0:00:30]} 28. Qg5+ {[%emt 0:00:30]} Kf8 {[%emt 0:00:30]} 29. Kb2 {[%emt 0:00:30]} Re8 {[%emt 0:00:30]} 30. Rdf1 {[%emt 0:00:30]} c4 {[%emt 0:00:30]} 31. Rhg1 {[%emt 0:00:30]} c3+ {[%emt 0:00:30]} 32. Ka2 {[%emt 0:00:30]} Rh7 {[%emt 0:00:30]} 33. Qf5 {[%emt 0:00:30]} g6 {[%emt 0:00:30]} 34. hxg6 {[%emt 0:00:30]} Qh2 {[%emt 0:00:30]} 35. Rf2 {[%emt 0:00:30]} Qxg1 {[%emt 0:00:30]} 36. gxh7 {[%emt 0:00:30]} 1-0

[Event "Kashem Chowdhury Rating-A 2019"]
[Site "Dhaka"]
[Date "2019.05.06"]
[Round "3.1"]
[White "Hossain, Enamul"]
[Black "Rahman, Ziaur"]
[Result "1-0"]
[WhiteElo "2442"]
[BlackElo "2485"]
[Annotator "ChessBase"]
[PlyCount "111"]
[EventDate "2019.05.04"]
[EventType "swiss"]
[EventCountry "BAN"]
[SourceTitle "playchess.com"]
[Source "ChessBase"]
[SourceQuality "1"]
[TimeControl "5400+30"]

1. e4 {[%emt 0:00:00]} d5 {[%emt 0:00:20]} 2. exd5 {[%emt 0:00:00]} Qxd5 {[%emt 0:00:10]} 3. Nc3 {[%emt 0:00:00]} Qa5 {[%emt 0:00:09]} 4. d4 {[%emt 0:00:05]} Nf6 {[%emt 0:00:20]} 5. Nf3 {[%emt 0:00:11]} Bf5 {[%emt 0:00:40]} 6. Ne5 {[%emt 0:00:38]} c6 {[%emt 0:01:24]} 7. Bd3 {[%emt 0:00:11]} Bxd3 {[%emt 0:00:59]} 8. Qxd3 {[%emt 0:00:03]} e6 {[%emt 0:01:02]} 9. O-O {[%emt 0:00:26]} Nbd7 {[%emt 0:02:19]} 10. Qg3 {[%emt 0:05:03]} Nxe5 {[%emt 0:10:53]} 11. dxe5 {[%emt 0:00:17]} Nd7 {[%emt 0:00:24]} 12. Bf4 {[%emt 0:06:37]} h6 {[%emt 0:01:33]} 13. Ne4 {[%emt 0:03:43]} O-O-O {[%emt 0:02:02]} 14. Rfd1 {[%emt 0:03:32]} Qa4 {[%emt 0:03:38]} 15. Qd3 {[%emt 0:08:44]} Be7 {[%emt 0:01:00]} 16. b3 {[%emt 0:00:18]} Qa5 {[%emt 0:02:21]} 17. Nd6+ {[%emt 0:01:59]} Bxd6 {[%emt 0:00:56]} 18. exd6 {[%emt 0:00:09]} Rhe8 {[%emt 0:12:05]} 19. Be3 {[%emt 0:03:43]} b6 {[%emt 0:05:15]} 20. a4 {[%emt 0:13:04]} Kb7 {[%emt 0:00:51]} 21. Qc4 {[%emt 0:05:25]} Rc8 {[%emt 0:04:44]} 22. Qd4 {[%emt 0:06:17]} f6 {[%emt 0:02:15]} 23. b4 {[%emt 0:02:02]} Qf5 {[%emt 0:02:26]} 24. a5 {[%emt 0:02:21]} e5 {[%emt 0:00:37]} 25. Qb2 {[%emt 0:03:22]} b5 {[%emt 0:01:17]} 26. a6+ {[%emt 0:05:46]} Ka8 {[%emt 0:00:27]} 27. c4 {[%emt 0:00:24]} bxc4 {[%emt 0:06:52]} 28. Qe2 {[%emt 0:00:08]} Qe6 {[%emt 0:00:37]} 29. Rac1 {[%emt 0:00:24]} f5 {[%emt 0:00:25]} 30. Rxc4 {[%emt 0:03:04]} f4 {[%emt 0:00:34]} 31. Bc5 {[%emt 0:02:46]} Nf6 {[%emt 0:03:34]} 32. Rc2 {[%emt 0:12:20]} Qd7 {[%emt 0:01:31]} 33. Rdc1 {[%emt 0:04:06]} e4 {[%emt 0:03:30]} 34. f3 {[%emt 0:03:08]} Rb8 {[%emt 0:05:59]} 35. fxe4 {[%emt 0:00:46]} Rxe4 {[%emt 0:01:38]} 36. Qd3 {[%emt 0:01:12]} Re6 {[%emt 0:05:22]} 37. Re2 {[%emt 0:00:40]} Rxe2 {[%emt 0:01:18]} 38. Qxe2 {[%emt 0:00:01]} Re8 {[%emt 0:03:20]} 39. Qf3 {[%emt 0:00:41]} g5 {[%emt 0:00:12]} 40. b5 {[%emt 0:00:38]} Ne4 {[%emt 0:01:00]} 41. Ba3 {[%emt 0:02:09]} Qd8 {[%emt 0:05:34]} 42. Rxc6 {[%emt 0:00:25]} Kb8 {[%emt 0:00:16]} 43. b6 {[%emt 0:01:25]} Qf6 {[%emt 0:01:26]} 44. bxa7+ {[%emt 0:00:16]} Kxa7 {[%emt 0:01:14]} 45. Rc7+ {[%emt 0:00:57]} Ka8 {[%emt 0:00:02]} 46. Qd3 {[%emt 0:00:27]} Qe5 {[%emt 0:02:56]} 47. Rc1 {[%emt 0:02:09]} g4 {[%emt 0:02:47]} 48. d7 {[%emt 0:00:43]} Rd8 {[%emt 0:00:04]} 49. Qc4 {[%emt 0:00:20]} Ka7 {[%emt 0:00:29]} 50. Rd1 {[%emt 0:00:49]} f3 {[%emt 0:00:30]} 51. gxf3 {[%emt 0:00:32]} gxf3 {[%emt 0:00:02]} 52. Qd4+ {[%emt 0:00:05]} Qxd4+ {[%emt 0:00:05]} 53. Rxd4 {[%emt 0:00:02]} Nf6 {[%emt 0:01:36]} 54. Be7 {[%emt 0:00:12]} Rxd7 {[%emt 0:00:03]} 55. Bxf6 {[%emt 0:00:02]} Rc7 {[%emt 0:00:17]} 56. Rd6 {[%emt 0:00:19]} 1-0

[Event "Kashem Chowdhury Rating-A 2019"]
[Site "Dhaka"]
[Date "2019.05.06"]
[Round "3.2"]
[White "Mohammad Minhaz Uddin"]
[Black "Mohammad Fahad, Rahman"]
[Result "1-0"]
[WhiteElo "2294"]
[BlackElo "2322"]
[Annotator "NA"]
[PlyCount "125"]
[EventDate "2019.05.04"]
[EventType "swiss"]
[EventCountry "BAN"]
[SourceTitle "playchess.com"]
[Source "ChessBase"]
[SourceQuality "1"]
[TimeControl "5400+30"]

1. e4 {[%emt 0:13:00]} c5 {[%emt 0:00:00]} 2. Nf3 {[%emt 0:00:26]} d6 {[%emt 0:00:00]} 3. d4 {[%emt 0:00:20]} cxd4 {[%emt 0:00:06]} 4. Nxd4 {[%emt 0:00:04]} Nf6 {[%emt 0:00:10]} 5. Nc3 {[%emt 0:00:04]} Nc6 {[%emt 0:00:11]} 6. Be2 {[%emt 0:00:12]} e5 {[%emt 0:00:25]} 7. Nf3 {[%emt 0:00:07]} Be7 {[%emt 0:00:52]} (7... h6 8. O-O Be7 9. Re1 O-O {½-½ (12) Kovchan,A (2596)-Baklan,V (2600) Trieste 2017}) 8. O-O {[%emt 0:00:07]} O-O {[%emt 0:01:03]} 9. h3 {[%emt 0:01:25]} h6 {[%emt 0:04:28]} 10. Re1 {[%emt 0:00:18]} Be6 {[%emt 0:02:13]} 11. Bf1 {[%emt 0:00:04]} Qa5 {[%emt 0:13:00]} 12. Bd2 {[%emt 0:04:09]} Qc7 {[%emt 0:03:12] B58: Classical Sicilian: 6 Be2} 13. Nb5 {[%emt 0:05:06]} Qd7 {[%emt 0:02:07]} 14. c4 {[%emt 0:00:16]} Nh7 $146 {[%emt 0:05:40]} ({Predecessor:} 14... a6 15. Nc3 Bd8 16. Rc1 Ne7 17. Be3 Ba5 18. Nd2 Rfc8 19. a3 Bxc3 20. Rxc3 {1-0 (41) Siepelt,H (2261)-Cernousek,L (2420) Bayern 2008}) 15. Bd3 {[%emt 0:01:25]} f5 {[%emt 0:05:48]} 16. exf5 {[%emt 0:00:48]} Bxf5 {[%emt 0:00:14]} 17. Bxf5 {[%emt 0:00:04]} Rxf5 {[%emt 0:00:19]} 18. Be3 {[%emt 0:02:05]} a6 {[%emt 0:01:37]} 19. Nc3 {[%emt 0:01:01]} Raf8 {[%emt 0:02:06]} 20. Nd2 {[%emt 0:03:32]} Ng5 {[%emt 0:08:14]} 21. Nde4 {[%emt 0:03:20]} Ne6 {[%emt 0:04:12]} 22. Ng3 {[%emt 0:00:50]} R5f7 {[%emt 0:00:27]} 23. Qg4 {[%emt 0:00:19]} Bg5 {[%emt 0:01:26]} 24. Nce4 {[%emt 0:06:59]} Bxe3 {[%emt 0:01:30]} 25. fxe3 {[%emt 0:00:31]} Nc5 {[%emt 0:09:25]} 26. Rad1 {[%emt 0:04:30]} Qxg4 {[%emt 0:04:23]} 27. hxg4 {[%emt 0:00:02]} Nxe4 {[%emt 0:04:57]} 28. Nxe4 {[%emt 0:00:03]} Rc7 {[%emt 0:06:00]} 29. Re2 {[%emt 0:08:38]} b5 {[%emt 0:03:40]} 30. cxb5 {[%emt 0:00:25]} axb5 {[%emt 0:01:31]} 31. Rc2 {[%emt 0:00:33]} d5 {[%emt 0:00:16]} 32. Nd6 {[%emt 0:02:45]} Rd8 {[%emt 0:01:29] [#]} 33. Nf5 $1 {[%emt 0:03:31]} ({Weaker is} 33. Rxd5 Nb4 $14) ({Don't take} 33. Nxb5 $6 Rcc8 $16) 33... Kh7 {[%emt 0:00:12] [#]} 34. Rdc1 $1 {[%emt 0:03:37]} g6 {[%emt 0:01:37] [#]} 35. Nh4 $1 {[%emt 0:09:23]} ({Resist} 35. Rxc6 $6 Rxc6 36. Rxc6 gxf5 $16) 35... Rd6 {[%emt 0:01:26]} 36. Nf3 {[%emt 0:00:04]} d4 {[%emt 0:00:42] [#]} 37. Nxe5 $1 {[%emt 0:04:14] Pin} d3 {[%emt 0:00:09]} 38. Rxc6 {[%emt 0:00:57]} Rcxc6 {[%emt 0:00:25]} 39. Nxc6 {[%emt 0:00:02]} (39. Rxc6 $2 {too greedy.} Rxc6 40. Nxd3 (40. Nxc6 $2 {is the wrong capture.} d2 $19) 40... Rc2 $19) 39... d2 {[%emt 0:00:08]} 40. Rd1 {[%emt 0:00:01]} Rxc6 {[%emt 0:00:12]} 41. Rxd2 {[%emt 0:00:02]} Kg7 {[%emt 0:00:36]} 42. Rd5 {[%emt 0:07:07]} Rc1+ {[%emt 0:00:48]} 43. Kh2 {[%emt 0:00:05]} b4 {[%emt 0:00:07]} 44. Rd4 {[%emt 0:00:10]} Ra1 {[%emt 0:00:09]} 45. Rxb4 {[%emt 0:00:03]} Rxa2 {[%emt 0:00:06]} 46. Kg3 {[%emt 0:01:23]} Kf6 $18 {[%emt 0:00:15]} 47. Kf4 {[%emt 0:00:18]} Ra6 {[%emt 0:00:13]} 48. g5+ {[%emt 0:00:55]} hxg5+ {[%emt 0:00:11]} 49. Kg4 {[%emt 0:00:02]} Re6 {[%emt 0:00:30]} 50. e4 {[%emt 0:00:05]} Rc6 {[%emt 0:01:10]} 51. b3 {[%emt 0:00:32]} (51. Rb5 $18 {has better winning chances.}) 51... Rc2 {[%emt 0:00:16]} 52. g3 {[%emt 0:00:01]} Rc3 {[%emt 0:00:11]} 53. Rb6+ {[%emt 0:06:19]} Ke5 {[%emt 0:00:22]} 54. b4 {[%emt 0:00:04]} Kxe4 {[%emt 0:05:56]} 55. Rxg6 {[%emt 0:01:54]} Rb3 {[%emt 0:00:25]} 56. Re6+ {[%emt 0:04:08]} Kd4 {[%emt 0:00:27]} 57. Rb6 {[%emt 0:02:14]} Kd5 {[%emt 0:00:58]} 58. b5 {[%emt 0:00:31]} Kd4 {[%emt 0:03:34]} 59. Rb8 {[%emt 0:00:45]} Ke5 {[%emt 0:00:14]} 60. Rg8 {[%emt 0:01:25]} Rb4+ {[%emt 0:00:09]} 61. Kh5 {[%emt 0:00:17]} Ke4 {[%emt 0:00:17]} 62. Rxg5 {[%emt 0:00:16]} Kf3 {[%emt 0:00:09]} 63. Kg6 {[%emt 0:00:11]} 1-0

[Event "Kashem Chowdhury Rating-A 2019"]
[Site "Dhaka"]
[Date "2019.05.06"]
[Round "3.3"]
[White "Md.abu, Hanif"]
[Black "Islam, Kh. Aminul"]
[Result "0-1"]
[WhiteElo "2042"]
[BlackElo "2229"]
[Annotator "NA"]
[PlyCount "80"]
[EventDate "2019.05.04"]
[EventType "swiss"]
[EventCountry "BAN"]
[SourceTitle "playchess.com"]
[Source "ChessBase"]
[SourceQuality "1"]
[TimeControl "5400+30"]

{[%evp 17,80,0,0,-24,-19,-18,-13,-27,-10,-9,-7,0,0,32767,-18,-39,-35,32767,32767,-38,32767,32767,32767,32767,32767,32767,32767,32767,32767,32767,32767,32767,32767,-126,32767,-143,32767,-153,32767,32767,-141,-145,-138,-129,-162,-210,-190,-330,-310,-435,-475,-480,-465,-476,-510,-622,32767,32767,-538,-533,-553,-654,32767,32767,-735]} 1. d4 {[%emt 0:12:41]} Nf6 {[%emt 0:00:07]} 2. Bf4 {[%emt 0:00:08]} g6 {[%emt 0:00:44]} 3. Nf3 {[%emt 0:00:14]} Bg7 {[%emt 0:00:08]} 4. e3 {[%emt 0:00:39]} d6 {[%emt 0:03:36]} 5. h3 {[%emt 0:00:20]} Nbd7 {[%emt 0:00:52]} 6. Be2 {[%emt 0:00:26]} O-O {[%emt 0:00:32]} 7. O-O {[%emt 0:00:18]} b6 {[%emt 0:01:10]} 8. Nbd2 {[%emt 0:00:23]} Bb7 {[%emt 0:00:19]} 9. c3 {[%emt 0:03:43]} Re8 {[%emt 0:00:42]} 10. Nc4 {[%emt 0:01:25] A48: 1 d4 Nf6 2 Nf3 g6: Torre, London and Colle Systems} (10. Bh2 e5 11. a4 a6 12. Qb3 Qe7 13. Rfd1 e4 14. Ne1 a5 15. Rac1 h5 16. c4 g5 17. Nf1 Qe6 {0-1 (60) Rakesh,K (2416)-Kriebel,T (2507) Prague 2019}) 10... Ne4 {[%emt 0:04:17]} 11. Nfd2 {[%emt 0:02:09]} e5 {[%emt 0:01:25]} 12. Bh2 {[%emt 0:02:19]} Nxd2 {[%emt 0:03:19]} 13. Nxd2 {[%emt 0:00:11]} Nf6 {[%emt 0:02:01]} 14. dxe5 {[%emt 0:00:47]} dxe5 {[%emt 0:00:11]} 15. Nf3 {[%emt 0:00:57]} Ne4 $146 {[%emt 0:01:04]} ({Predecessor:} 15... e4 16. Nd4 c5 17. Nb5 Rc8 18. Nd6 Qe7 19. Nxc8 Rxc8 {1-0 (46) Palchun,G (2129)-Kosov,I (1746) St Petersburg 2008}) 16. Qxd8 {[%emt 0:01:18]} Raxd8 {[%emt 0:00:06]} 17. Rfd1 {[%emt 0:00:21]} f6 {[%emt 0:05:42]} 18. Bb5 {[%emt 0:02:26]} Rf8 {[%emt 0:05:55]} 19. Kf1 {[%emt 0:00:25]} Kf7 {[%emt 0:01:42]} 20. Ke1 {[%emt 0:00:34]} Ke7 {[%emt 0:00:52]} 21. Ng1 {[%emt 0:04:06]} Nd6 {[%emt 0:05:32]} 22. Bf1 {[%emt 0:00:03]} Rd7 {[%emt 0:04:04]} 23. f3 {[%emt 0:00:17]} Rfd8 {[%emt 0:01:45]} 24. e4 {[%emt 0:05:57]} Bh6 {[%emt 0:02:37]} 25. Bd3 {[%emt 0:02:09]} Bc6 {[%emt 0:02:36]} 26. b3 {[%emt 0:02:05]} Nb7 {[%emt 0:00:54]} 27. Be2 {[%emt 0:04:18]} Bd2+ {[%emt 0:01:01]} 28. Kf1 {[%emt 0:00:26]} Nc5 {[%emt 0:02:30]} 29. c4 {[%emt 0:01:04]} a5 {[%emt 0:03:06]} 30. Bg3 {[%emt 0:00:48]} Na6 {[%emt 0:01:28]} 31. Be1 {[%emt 0:00:58] [#]} (31. a3 $17 {is a better defense.}) 31... Nb4 $1 {[%emt 0:01:13]} 32. a4 {[%emt 0:10:07]} (32. Bf2 {keeps fighting.}) 32... Nc2 {[%emt 0:00:44] Double Attack} 33. Rxd2 {[%emt 0:03:56]} Rxd2 {[%emt 0:00:33]} ({Weaker is} 33... Nxa1 34. Rb2 $17) 34. Rc1 {[%emt 0:03:19]} Nxe1 {[%emt 0:02:01]} 35. Kxe1 {[%emt 0:00:01]} Rb2 {[%emt 0:01:03]} 36. Rc3 {[%emt 0:00:08]} Be8 {[%emt 0:01:39]} 37. h4 {[%emt 0:00:47]} Rdd2 {[%emt 0:01:12]} 38. Re3 {[%emt 0:00:31]} Rdc2 {[%emt 0:03:58]} 39. Nh3 {[%emt 0:00:14]} Rc1+ {[%emt 0:00:44]} 40. Kf2 {[%emt 0:00:06]} Rcb1 $19 {[%emt 0:00:30]} 0-1

[Event "Kashem Chowdhury Rating-A 2019"]
[Site "Dhaka"]
[Date "2019.05.06"]
[Round "3.5"]
[White "Mehdi Hasan Parag"]
[Black "Bhuiyan, Golam Mostafa"]
[Result "1-0"]
[WhiteElo "2227"]
[BlackElo "2101"]
[Annotator "NA"]
[PlyCount "195"]
[EventDate "2019.05.04"]
[EventType "swiss"]
[EventCountry "BAN"]
[SourceTitle "playchess.com"]
[Source "ChessBase"]
[SourceQuality "1"]
[TimeControl "5400+30"]

1. e4 {[%emt 0:07:11]} d6 {[%emt 0:00:44]} 2. d4 {[%emt 0:00:55]} Nf6 {[%emt 0:00:01]} 3. Nc3 {[%emt 0:00:08]} g6 {[%emt 0:00:09]} 4. f4 {[%emt 0:00:03]} Bg7 {[%emt 0:00:06]} 5. Bd3 {[%emt 0:00:03]} O-O {[%emt 0:00:41]} 6. Nf3 {[%emt 0:00:12]} c5 {[%emt 0:00:03]} 7. dxc5 {[%emt 0:02:18]} dxc5 {[%emt 0:00:01]} 8. e5 {[%emt 0:00:34]} Ng4 {[%emt 0:07:57] B09: Pirc Defence: Austrian Attack} (8... Nd5 $14 9. Nxd5 Qxd5 10. Qe2 Bf5 11. Bxf5 gxf5 12. O-O Nc6 13. Rd1 Qe6 14. Be3 b6 15. Ng5 Qg6 16. h4 h5 17. Bf2 Rad8 18. Rxd8 Rxd8 {0-1 (43) Aronian,L (2813)-Svidler,P (2769) Stavanger 2013}) 9. h3 {[%emt 0:02:46]} Nh6 {[%emt 0:00:09]} 10. g4 {[%emt 0:00:17]} Nc6 {[%emt 0:00:53]} 11. Be3 {[%emt 0:01:52]} Nd4 $146 {[%emt 0:00:18]} ({Predecessor:} 11... Qa5 12. Qd2 Rd8 13. Qf2 b6 14. Be4 Bb7 15. O-O Rac8 16. f5 {0-1 (31) Woeber,F (2115)-Sandmeier,T (2171) Vienna 2015}) 12. Bxd4 {[%emt 0:10:07]} cxd4 {[%emt 0:02:31]} 13. Ne2 {[%emt 0:06:46]} Qb6 {[%emt 0:00:12]} 14. Qd2 {[%emt 0:06:25]} Qxb2 {[%emt 0:00:34]} 15. O-O {[%emt 0:00:14]} Rd8 {[%emt 0:08:17]} 16. Rfb1 {[%emt 0:14:04]} Qa3 {[%emt 0:00:25]} 17. Qb4 {[%emt 0:01:09]} Qxb4 {[%emt 0:01:25]} 18. Rxb4 {[%emt 0:00:02]} b6 {[%emt 0:00:21]} 19. Be4 {[%emt 0:01:43]} Rb8 {[%emt 0:00:44]} 20. Rd1 {[%emt 0:01:47]} Bb7 $2 {[%emt 0:10:26]} (20... f5 $11 {and Black is okay.} 21. exf6 exf6) 21. Bxb7 {[%emt 0:01:00]} ({Not} 21. Rbxd4 Rxd4 22. Rxd4 Bxe4 $11) ({And not} 21. Rdxd4 Bxe4 22. Rxd8+ (22. Rxe4 f5 $15) 22... Rxd8 $11) 21... Rxb7 {[%emt 0:00:01]} 22. Rbxd4 {[%emt 0:00:02]} Rxd4 {[%emt 0:01:33]} 23. Rxd4 {[%emt 0:00:02]} e6 {[%emt 0:00:29]} 24. Rd8+ {[%emt 0:01:48]} Bf8 {[%emt 0:00:02] [#]} 25. f5 $1 {[%emt 0:02:14]} exf5 {[%emt 0:13:28]} (25... Nxf5 {was necessary.} 26. gxf5 gxf5) 26. g5 {[%emt 0:00:19]} Ng4 {[%emt 0:00:02]} 27. hxg4 {[%emt 0:00:27]} fxg4 {[%emt 0:00:21]} 28. Nh2 {[%emt 0:03:02]} Kg7 {[%emt 0:00:02]} 29. Nxg4 {[%emt 0:05:22]} Be7 {[%emt 0:00:07]} 30. Rd5 {[%emt 0:04:39]} Bxg5 {[%emt 0:00:50]} 31. Kg2 {[%emt 0:10:46]} h5 {[%emt 0:03:18]} 32. Nf2 {[%emt 0:00:32]} Rc7 {[%emt 0:00:46]} 33. c3 {[%emt 0:00:12]} Be7 {[%emt 0:05:03] [#]} 34. Ne4 $1 {[%emt 0:00:49]} g5 {[%emt 0:03:36]} 35. Nd4 {[%emt 0:04:57]} Kg6 {[%emt 0:00:12]} 36. Nb5 {[%emt 0:01:53]} Rc4 {[%emt 0:00:38] [#]} 37. Rd4 $1 {[%emt 0:00:37]} Rc6 {[%emt 0:11:32]} 38. Nxa7 {[%emt 0:06:33]} Re6 {[%emt 0:00:02]} 39. Rd5 {[%emt 0:00:27]} h4 {[%emt 0:00:05]} 40. Nc8 {[%emt 0:01:16]} Bf8 {[%emt 0:07:30]} 41. Ncd6 {[%emt 0:00:58]} Be7 {[%emt 0:03:29]} 42. Nf2 {[%emt 0:01:39]} f5 {[%emt 0:00:10]} 43. Nd3 {[%emt 0:02:01]} f4 {[%emt 0:01:59]} 44. c4 {[%emt 0:00:42]} Bf8 {[%emt 0:01:19]} 45. Kh3 {[%emt 0:00:20]} Kh5 {[%emt 0:00:08]} 46. Nf2 {[%emt 0:00:13]} Re7 {[%emt 0:04:33]} 47. Nb5 {[%emt 0:00:14]} Bg7 {[%emt 0:05:59]} 48. Ng4 {[%emt 0:00:02]} Rf7 {[%emt 0:02:09]} 49. e6 {[%emt 0:00:24]} Re7 {[%emt 0:05:08]} 50. Rd7 {[%emt 0:00:21]} Rxe6 {[%emt 0:00:09]} 51. Rxg7 {[%emt 0:00:05]} Re1 {[%emt 0:00:18]} 52. Rh7+ {[%emt 0:00:30]} Kg6 {[%emt 0:00:01]} 53. Rh6+ {[%emt 0:00:24]} Kg7 {[%emt 0:00:03]} 54. Rxb6 {[%emt 0:00:29]} Rg1 {[%emt 0:00:27]} 55. Ne5 {[%emt 0:01:58]} Rg3+ {[%emt 0:00:40]} 56. Kh2 {[%emt 0:00:02]} f3 {[%emt 0:00:13]} 57. Rg6+ {[%emt 0:00:17]} Kh7 {[%emt 0:00:05]} 58. Rf6 {[%emt 0:00:59]} g4 {[%emt 0:01:40]} 59. Nxg4 {[%emt 0:00:19]} Rxg4 {[%emt 0:00:03]} 60. Nd6 {[%emt 0:00:32]} Rd4 {[%emt 0:02:02]} 61. c5 {[%emt 0:00:53]} Rd2+ {[%emt 0:00:23]} 62. Kh3 {[%emt 0:00:03]} f2 {[%emt 0:00:10]} 63. Ne4 {[%emt 0:00:31]} Rxa2 {[%emt 0:00:17]} 64. Rxf2 {[%emt 0:00:13]} Ra4 {[%emt 0:00:03]} 65. Rf4 {[%emt 0:00:20]} Kg6 {[%emt 0:00:07]} 66. Kxh4 {[%emt 0:00:08]} Rc4 {[%emt 0:01:00]} 67. Kg4 {[%emt 0:00:04]} Rc1 {[%emt 0:00:17]} 68. Kf3 {[%emt 0:00:14]} Rf1+ {[%emt 0:00:09]} 69. Ke3 {[%emt 0:00:06]} Rd1 {[%emt 0:01:00]} 70. Nd2 {[%emt 0:00:11]} Rc1 {[%emt 0:00:07]} 71. Rc4 {[%emt 0:00:24]} Re1+ {[%emt 0:00:02]} 72. Kd3 {[%emt 0:00:18]} Kf7 {[%emt 0:00:45]} 73. Re4 {[%emt 0:00:15]} Rc1 {[%emt 0:00:21]} 74. Kd4 {[%emt 0:00:05]} Rd1 {[%emt 0:00:04]} 75. Re2 {[%emt 0:00:03]} Rc1 {[%emt 0:01:25]} 76. Kd5 {[%emt 0:00:04]} Rc3 {[%emt 0:00:07]} 77. Kd6 {[%emt 0:00:44]} Rd3+ {[%emt 0:00:02]} 78. Kc7 {[%emt 0:00:04]} Rd4 {[%emt 0:00:16]} 79. c6 {[%emt 0:00:16]} Ra4 {[%emt 0:00:17]} 80. Nb3 {[%emt 0:01:55]} Ra7+ {[%emt 0:00:07]} 81. Kd8 {[%emt 0:01:29]} Ra6 {[%emt 0:00:19]} 82. Nd4 {[%emt 0:00:35]} Ra4 {[%emt 0:00:02]} 83. Re4 {[%emt 0:00:19]} Ra8+ {[%emt 0:06:44]} 84. Kd7 {[%emt 0:00:12]} Ra4 {[%emt 0:00:51]} 85. Rf4+ {[%emt 0:00:14]} Kg6 {[%emt 0:00:26]} 86. c7 {[%emt 0:00:05]} Ra7 {[%emt 0:00:48]} 87. Nc6 {[%emt 0:00:09]} Rb7 {[%emt 0:00:36]} 88. Rb4 {[%emt 0:00:09]} Rxc7+ {[%emt 0:00:29]} 89. Kxc7 {[%emt 0:00:03]} Kf5 {[%emt 0:00:06]} 90. Kd6 {[%emt 0:00:09]} Kf6 {[%emt 0:00:56]} 91. Rf4+ {[%emt 0:00:03]} Kg5 {[%emt 0:00:30]} 92. Ke5 {[%emt 0:00:03]} Kg6 {[%emt 0:00:31]} 93. Rf1 {[%emt 0:01:29]} Kg5 {[%emt 0:00:31]} 94. Rg1+ {[%emt 0:00:02]} Kh6 {[%emt 0:00:28]} 95. Kf5 {[%emt 0:00:07]} Kh7 {[%emt 0:00:30]} 96. Kf6 {[%emt 0:01:22]} Kh8 {[%emt 0:00:31]} 97. Kf7 {[%emt 0:00:06]} Kh7 {[%emt 0:00:32]} 98. Rh1# {[%emt 0:00:03]} 1-0